Mechanics of Materials / (Record no. 13632)
[ view plain ]
| 000 -LEADER | |
|---|---|
| fixed length control field | 01074cam a2200301 a 4500 |
| 001 - CONTROL NUMBER | |
| control field | 15182650 |
| 005 - DATE AND TIME OF LATEST TRANSACTION | |
| control field | 20160302104523.0 |
| 008 - FIXED-LENGTH DATA ELEMENTS--GENERAL INFORMATION | |
| fixed length control field | 080215s2009 nyua |r 001 0 eng |
| 010 ## - LIBRARY OF CONGRESS CONTROL NUMBER | |
| LC control number | 2008007412 |
| 020 ## - INTERNATIONAL STANDARD BOOK NUMBER | |
| International Standard Book Number | 0071284222 |
| 020 ## - INTERNATIONAL STANDARD BOOK NUMBER | |
| International Standard Book Number | 97800771284226 |
| 035 ## - SYSTEM CONTROL NUMBER | |
| System control number | (OCoLC)ocn192134588 |
| 035 ## - SYSTEM CONTROL NUMBER | |
| System control number | (OCoLC)192134588 |
| 040 ## - CATALOGING SOURCE | |
| Original cataloging agency | DLC |
| Transcribing agency | DLC |
| Modifying agency | YDX |
| -- | BTCTA |
| -- | YDXCP |
| -- | BAKER |
| -- | DLC |
| 050 00 - LIBRARY OF CONGRESS CALL NUMBER | |
| Classification number | TA405 |
| Item number | .B39 2009 |
| 082 00 - DEWEY DECIMAL CLASSIFICATION NUMBER | |
| Classification number | 620.1123 |
| Edition number | 22 |
| Item number | MEC |
| 245 00 - TITLE STATEMENT | |
| Title | Mechanics of Materials / |
| Statement of responsibility, etc | Ferdinand P. Beer ... [et al.] |
| 250 ## - EDITION STATEMENT | |
| Edition statement | 5th ed. |
| 260 ## - PUBLICATION, DISTRIBUTION, ETC. (IMPRINT) | |
| Place of publication, distribution, etc | New York : |
| Name of publisher, distributor, etc | McGraw-Hill Higher Education, 2009 |
| Date of publication, distribution, etc | c2009. |
| 300 ## - PHYSICAL DESCRIPTION | |
| Extent | xix, 782 p. : |
| Other physical details | ill. ; |
| Dimensions | 27 cm. |
| 500 ## - GENERAL NOTE | |
| General note | Includes index. |
| 650 #0 - SUBJECT ADDED ENTRY--TOPICAL TERM | |
| Topical term or geographic name as entry element | Strength of materials |
| Form subdivision | Textbooks. |
| 9 (RLIN) | 12476 |
| Source of heading or term | BUEsh |
| 651 ## - SUBJECT ADDED ENTRY--GEOGRAPHIC NAME | |
| Source of heading or term | BUEsh |
| 700 1# - ADDED ENTRY--PERSONAL NAME | |
| Personal name | Beer, Ferdinand P. |
| Fuller form of name | (Ferdinand Pierre), |
| Dates associated with a name | 1915-2003. |
| 9 (RLIN) | 12477 |
| 856 41 - ELECTRONIC LOCATION AND ACCESS | |
| Materials specified | Table of contents only |
| Uniform Resource Identifier | <a href="http://www.loc.gov/catdir/toc/ecip0811/2008007412.html">http://www.loc.gov/catdir/toc/ecip0811/2008007412.html</a> |
| 942 ## - ADDED ENTRY ELEMENTS (KOHA) | |
| Source of classification or shelving scheme | Dewey Decimal Classification |
| Item type | NB - Book (Non borrowing) |
| Withdrawn status | Item status | Source of classification or shelving scheme | Damaged status | Not for loan | Vendor | Home library | Current library | Shelving location | Date acquired | Source of acquisition | Cost, normal purchase price | Total Checkouts | Full call number | Barcode | Date last seen | Date last borrowed | Cost, replacement price | Koha item type | Total Renewals | Checked out |
|---|---|---|---|---|---|---|---|---|---|---|---|---|---|---|---|---|---|---|---|---|
| Dewey Decimal Classification | Baccah | Central Library | Central Library | First floor | 11/03/2010 | 180.00 | 4 | 620.1123 MEC | 000020151 | 15/07/2025 | 10/02/2013 | 225.00 | NB - Book (Non borrowing) | |||||||
| Dewey Decimal Classification | Baccah | Central Library | Central Library | First floor | 11/03/2010 | 180.00 | 10 | 620.1123 MEC | 000020152 | 15/07/2025 | 28/09/2017 | 225.00 | Book - Borrowing | 89 | ||||||
| Dewey Decimal Classification | Baccah | Central Library | Central Library | First floor | 11/03/2010 | 180.00 | 15 | 620.1123 MEC | 000020153 | 28/10/2017 | 28/10/2017 | 225.00 | Book - Borrowing | 132 | 20/01/2024 | |||||
| Dewey Decimal Classification | Baccah | Central Library | Central Library | First floor | 11/03/2010 | 180.00 | 14 | 620.1123 MEC | 000020154 | 15/07/2025 | 02/08/2018 | 225.00 | Book - Borrowing | 64 | ||||||
| Dewey Decimal Classification | Baccah | Central Library | Central Library | First floor | 11/03/2010 | 180.00 | 11 | 620.1123 MEC | 000020155 | 15/07/2025 | 15/10/2017 | 225.00 | Book - Borrowing | 116 | ||||||
| Dewey Decimal Classification | Baccah | Central Library | Central Library | First floor | 11/03/2010 | 180.00 | 18 | 620.1123 MEC | 000020156 | 15/07/2025 | 08/10/2017 | 225.00 | Book - Borrowing | 134 | ||||||
| Dewey Decimal Classification | Central Library | Central Library | First floor | 22/09/2010 | 180.00 | 9 | 620.1123 MEC | 000021764 | 15/07/2025 | 12/05/2018 | 225.00 | Book - Borrowing | 109 | |||||||
| Dewey Decimal Classification | Baccah | Central Library | Central Library | First floor | 27/10/2010 | 180.00 | 11 | 620.1123 MEC | 000021820 | 15/07/2025 | 24/10/2019 | 225.00 | Book - Borrowing | 84 | ||||||
| Dewey Decimal Classification | Baccah | Central Library | Central Library | First floor | 27/10/2010 | 180.00 | 14 | 620.1123 MEC | 000021819 | 15/07/2025 | 14/11/2018 | 225.00 | Book - Borrowing | 133 | ||||||
| Dewey Decimal Classification | Baccah | Central Library | Central Library | First floor | 27/10/2010 | 180.00 | 12 | 620.1123 MEC | 000021818 | 15/07/2025 | 19/04/2018 | 225.00 | Book - Borrowing | 68 |